| 000 | 00700cab a2200241 4500 | ||
|---|---|---|---|
| 001 | WB3234-23 | ||
| 008 | 090401t1996 xxu||||| |||| 00| 0 eng d | ||
| 035 | _a(Sirsi) u55315 | ||
| 041 | _aeng | ||
| 245 | _aTax proposals put social housing at risk | ||
| 260 | _c1996 | ||
| 350 | _a0 | ||
| 490 |
_aFinancial Times _v11 September 1996, 11(1) |
||
| 520 | _aProposals to cut tax refunds to housing associations could put social housing spending at risk, warn bankers. | ||
| 650 | _aCONSULTATION DOCUMENT | ||
| 650 | _aHOUSING ACT 1988 | ||
| 650 | _aHOUSING FINANCE | ||
| 650 | _aSOCIAL HOUSING | ||
| 650 | _aTAX REFUNDS | ||
| 690 | _aHOUSING-FINANCE | ||
| 942 | _n0 | ||
| 948 | _c04/03/1997 | ||
| 999 |
_c33784 _d33784 |
||